| 000 | 01122cam a22002895a 4500 | ||
|---|---|---|---|
| 001 | 18350746 | ||
| 005 | 20201128024346.0 | ||
| 008 | 141028t2014 gw a frb 000 0 eng d | ||
| 020 | _a9783319127170 | ||
| 040 |
_aDLC _beng _cDLC _dDLC _dEG-ScBUE |
||
| 082 | 0 | 4 |
_222 _a005.8 _bTRU |
| 245 | 1 | 0 |
_aTrusted cloud computing / _cHelmut Krcmar, Ralf Reussner, Bernhard Rumpe. |
| 260 |
_aCham : _bSpringer, _cc.2014. |
||
| 300 |
_axiii, 331 p. : _bill. ; _c24 cm. |
||
| 504 | _aIncludes bibliographical references. | ||
| 650 | 7 |
_2BUEsh _92637 _aComputer security. |
|
| 650 | 7 |
_2BUEsh _aComputer systems _xReliability. |
|
| 651 | _2BUEsh | ||
| 653 |
_bCOMSCI _cMay2018 |
||
| 700 | 1 |
_aKrcmar, Helmut, _eeditor. |
|
| 700 | 1 |
_a Reussner, Ralf, _eeditor. |
|
| 700 | 1 |
_aRumpe, Bernhard, _eeditor. |
|
| 856 | 4 | 2 |
_3Contributor biographical information _uhttp://www.loc.gov/catdir/enhancements/fy1504/2014955316-b.html |
| 856 | 4 | 2 |
_3Publisher description _uhttp://www.loc.gov/catdir/enhancements/fy1504/2014955316-d.html |
| 856 | 4 | 1 |
_3Table of contents only _uhttp://www.loc.gov/catdir/enhancements/fy1504/2014955316-t.html |
| 942 | _2ddc | ||
| 999 |
_c26759 _d26731 |
||